00460 2200169 4500001002100000005001500021008004100036035001900077041000700096082001000103090001400113100001700127245006200144260004000206300003000246650001400276INLIS00000000000965220241224113848241224||||||||| | ||| |||| || |  0010-1224009652 aid0 a133.5 a133.5 BUK0 aVijaya Kumar00aBuku Kecil tentang Astrologi (A Little Book of Astrology) atangerangbKarisma Publishing Group a18x11cm, 108 hlm.; ilus.: 0aAstrologi